Law and institutions of the European Union. / (Record no. 5464)

MARC details
000 -LEADER
fixed length control field 02275nam a22001817a 4500
008 - FIXED-LENGTH DATA ELEMENTS--GENERAL INFORMATION
fixed length control field 150430b xxu||||| |||| 00| 0 eng d
020 ## - INTERNATIONAL STANDARD BOOK NUMBER
International Standard Book Number 0406901864
050 ## - LIBRARY OF CONGRESS CALL NUMBER
Classification number KJE947.L375
100 ## - MAIN ENTRY--PERSONAL NAME
Personal name Lasok, K.P.E.
245 ## - TITLE STATEMENT
Title Law and institutions of the European Union. /
Statement of responsibility, etc. K.P.E. Lasok and D. Lasok
250 ## - EDITION STATEMENT
Edition statement 7th ed.
260 ## - PUBLICATION, DISTRIBUTION, ETC.
Place of publication, distribution, etc. London:
Name of publisher, distributor, etc. Butterworth,
Date of publication, distribution, etc. c2001.
300 ## - PHYSICAL DESCRIPTION
Extent cxxxvii, 874p.
Dimensions 24cm.
500 ## - GENERAL NOTE
General note includes index
505 ## - FORMATTED CONTENTS NOTE
Formatted contents note Contents: The Nature of the European Union and of community law: The Birth and growth of the European community -- The concept and status of the European communities and of the European Union -- External relations -- The Nature and challenge of community law -- Sources of community law -- The European council -- The European parliament -- The Commission -- The Council of the European Union -- The Court of auditors and budgetary procedures -- Ancillary community institutions -- The Court of justice and the Court of first instance -- The Relationship between community law and the municipal law of the member states: Implementation of community law in the legal systems of member states -- Enforcement of community law -- Community law in the United Kingdom -- The Law of the economy: concept and scope -- EC trade law: external market -- The Free movement of goods within the customs union -- The Free movement of workers (EC articles 39-42(ex article 48-51)) -- The Right of establishment (EC articles 43-48(ex articles 52-58) -- Freedom to provide services ( EC articles 49-55 (ex articles 59-66)) -- Social security (EC article 42 (ex article 51)) -- Freedom of movement of capital payments (EC articles 56-60 (67-73 and 104-109) -- The Law of the economy: community policies -- Economic and monetary union -- Common Agricultural and fisheries policies -- Common transport policy -- Competition: general principles -- Competition: practice contrary to article 81 ( ex article 85) -- Competition: abuse of a dominant position and mergers -- State aid ( EC articles 87-89 (ex articles 92-94)) -- Intellectual property rights -- Social policy -- The Policy for the environment -- Consumer protection -- Education and culture -- Miscellaneous policies -- Appendix: the treaty of Nice.
700 ## - ADDED ENTRY--PERSONAL NAME
Personal name Lasok, D.
942 ## - ADDED ENTRY ELEMENTS (KOHA)
Source of classification or shelving scheme Library of Congress Classification
Koha item type Books
Holdings
Withdrawn status Lost status Source of classification or shelving scheme Damaged status Not for loan Home library Current library Shelving location Date acquired Total Checkouts Full call number Barcode Date last seen Price effective from Koha item type
    Library of Congress Classification     WISCONSIN INTERNATIONAL UNIVERSITY COLLEGE, GHANA - MAIN LIBRARY WISCONSIN INTERNATIONAL UNIVERSITY COLLEGE, GHANA - MAIN LIBRARY Law Library 30/04/2015   KJE947.L375 077/15 30/04/2015 30/04/2015 Books

If you have any concerns or questions; kindly contact the library


© Powered by WIUC ICT DIRECTORATE